| 000 | 00315nam a2200109 4500 | ||
|---|---|---|---|
| 008 | 160630b xxu||||| |||| 00| 0 eng d | ||
| 100 |
_91530 _a Agarwal, R. L |
||
| 245 | _aEffective Communication in English - XII | ||
| 260 |
_aN.D _bArya _c2002 |
||
| 300 | _aEffective Communication in English - XII | ||
| 942 |
_2ddc _cBK |
||
| 999 |
_c1262 _d1262 |
||